Szczegóły MARC21

Poslovicy, pogovorki, zagadki v rukopisnyh sbornikah XVIII-XX vekov /

003 -Nazwa inst., której nr kontr. jest w polu 001 [,]
    • @
    • Nazwa instytucji, której n kontrolny jest w polu 001
    • NUKAT
005 -DATA I CZAS OSTATNIEJ MODYFIKACJI [,]
    • @
    • pole kontrolne
    • 20241231104116.0
040 -Instytucja sporządzająca opis [ , ]
    • a
    • Instytucja, która sporządziła opis (NP)
    • WA U/59BBM
    • c
    • Instytucja, która sporządziła rekord (NP)
    • WA U/BBMs
    • d
    • Instytucja, która zmodyfikowała rekord (P)
    • WA U/BBM
942 -Rodzaj dokumentu [ , ]
    • c
    • Rodzaj dokumentu
    • Książka
245 -Strefa tytułu i oznaczenia odpowiedzialności [0,0]
    • a
    • Tytuł
    • Poslovicy, pogovorki, zagadki v rukopisnyh sbornikah XVIII-XX vekov / Find
    • c
    • Pozostałe elementy strefy tytułu i oznaczenia odpowiedzialności (NP)
    • izd. podgot. M. Â. Mel'c, V. V. Mitrofanova, G. G. Šapovalova ; [otv. red. B. N. Putilov ; Akademiâ nauk SSSR. Institut russkoj literatury (Puškinskij Dom)].
260 -Strefa adresu wydawniczego [ , ]
    • a
    • Miejsce wydania (P)
    • Moskva ;
    • a
    • Miejsce wydania (P)
    • Leningrad :
    • b
    • Nazwa wydawcy (P)
    • Izdatel'stvo Akademii nauk SSSR,
    • c
    • Data wydania (P)
    • 1961.
300 -Strefa opisu fizycznego [ , ]
    • a
    • Określenie formy książki i/lub objętość (NP)
    • 288, [3] s. :
    • b
    • Oznaczenie ilustracji (NP)
    • il. ;
    • c
    • Format (NP)
    • 27 cm.
336 -Typ zawartości [ , ]
    • a
    • Termin opisujący typ zawartości
    • Tekst
    • b
    • Kod określający zawartość
    • txt
    • 2
    • Źródło (terminu i kodu)
    • rdacontent
337 -Typ mediów [ , ]
    • a
    • Tryb odtwarzania
    • Bez urządzenia pośredniczącego
    • b
    • Kod typu mediów
    • n
    • 2
    • Źródło (terminu i kodu)
    • rdamedia
338 -Typ/rodzaj nośnika [ , ]
    • a
    • Hasło opisujące typ nośnika
    • Wolumin
    • b
    • Kod typu nośnika
    • nc
    • 2
    • Źródło (terminu i kodu)
    • rdacarrier
490 -Strefa serii i książki wielotomowej - forma nie do wyszukiwania [1, ]
    • a
    • Tytuł (P)
    • Pamâtniki Russkogo Fol'klora Find
830 -Hasło dodatkowe serii i opisu książki wielotomowej - tytuł ujednolicony/tytuł [ ,0]
    • a
    • Tytuł ujednolicony/tytuł (NP)
    • Pamâtniki Russkogo Fol'klora
    • x
    • ISSN
    • 1992-996X
    • 9
    • KHW
    • 460156
504 -Uwaga dot. bibliogr. załącznikowej [ , ]
    • a
    • Uwaga dot. bibliografii załącznikowej
    • Indeks.
650 -Hasło przedmiotowe [ ,7]
    • a
    • Hasło przedmiotowe
    • Literatura ludowa rosyjska.
    • 2
    • Źródło terminu
    • kaba
    • 9
    • KHW
    • 183856
650 -Hasło przedmiotowe [ ,7]
    • a
    • Hasło przedmiotowe
    • Zagadki i łamigłówki rosyjskie.
    • 2
    • Źródło terminu
    • kaba
    • 9
    • KHW
    • 184365
655 -Hasło w funkcji tematu formalnego [ ,7]
    • a
    • Hasło
    • Przysłowia rosyjskie.
    • 2
    • Źródło terminu
    • kaba
    • 9
    • KHW
    • 183983
655 -Hasło w funkcji tematu formalnego [ ,7]
    • a
    • Hasło
    • Literatura ludowa rosyjska.
    • 2
    • Źródło terminu
    • kaba
    • 9
    • KHW
    • 183808
700 -Hasło dodatkowe - nazwa osobowa [1, ]
    • a
    • Nazwa osobowa (NP)
    • Mel'c, Mikaèla Âkovlevna. Find
    • e
    • Określenie rodzaju współpracy
    • Oprac.
    • 9
    • KHW
    • 460152
700 -Hasło dodatkowe - nazwa osobowa [1, ]
    • a
    • Nazwa osobowa (NP)
    • Mitrofanova, Vera Viktorovna. Find
    • e
    • Określenie rodzaju współpracy
    • Oprac.
    • 9
    • KHW
    • 460155
700 -Hasło dodatkowe - nazwa osobowa [1, ]
    • a
    • Nazwa osobowa (NP)
    • Putilov, Boris Nikolaevič Find
    • d
    • Daty biograficzne (NP)
    • (1919-1997).
    • e
    • Określenie rodzaju współpracy
    • Red.
    • 9
    • KHW
    • 460153
700 -Hasło dodatkowe - nazwa osobowa [1, ]
    • a
    • Nazwa osobowa (NP)
    • Šapovalova, Galina Grigor'evna Find
    • d
    • Daty biograficzne (NP)
    • (1918-1996).
    • e
    • Określenie rodzaju współpracy
    • Oprac.
    • 9
    • KHW
    • 460154
Lokalizacja Status udost. Numer inwentarzowy Sygnatura
BM1R.3688ROS. Przysłowia, aforyzmy 07